000 00401nam a22001697a 4500
003 MACL
005 20210926105104.0
008 210926b |||||||| |||| 00| 0 eng d
040 _cMACL
082 _a307/KAR
100 _aEd.Karade,Jagan
_981166
245 _aCaste Discrimination
260 _aJaipur
_bRawat Publications
_c2015
300 _ap248
650 _aCastes
_981167
942 _2ddc
_cBK
999 _c64427
_d64427